جہان غالب (Record no. 189933)

MARC details
000 -LEADER
fixed length control field 00370nam a2200133 4500
005 - DATE AND TIME OF LATEST TRANSACTION
control field 20220714173152.0
008 - FIXED-LENGTH DATA ELEMENTS--GENERAL INFORMATION
fixed length control field 220714b ||||| |||| 00| 0 eng d
022 ## - INTERNATIONAL STANDARD SERIAL NUMBER
International Standard Serial Number 2349-0225
082 ## - DEWEY DECIMAL CLASSIFICATION NUMBER
Classification number 841.08
245 ## - TITLE STATEMENT
Title جہان غالب
260 ## - PUBLICATION, DISTRIBUTION, ETC. (IMPRINT)
Place of publication, distribution, etc New Delhi
Name of publisher, distributor, etc Ghalib Academy
Date of publication, distribution, etc 2019
300 ## - PHYSICAL DESCRIPTION
Extent 112 ص
Dimensions 22cm(pbk)
942 ## - ADDED ENTRY ELEMENTS (KOHA)
Source of classification or shelving scheme Dewey Decimal Classification
Item type Periodicals
Classification part 841.08
Call number suffix ج ہ ا
Serial record 1
Holdings
Withdrawn status Lost status Source of classification or shelving scheme Damaged status Not for loan Collection code Home library Current library Date acquired Cost, normal purchase price Total Checkouts Full call number Date last seen Cost, replacement price Price effective from Koha item type
    Dewey Decimal Classification   Not For Loan Non-fiction D.B.Act.Division D.B.Act.Division 14/07/2022 20.00   841.08 ج ہ ا 14/07/2022 20.00 14/07/2022 Periodicals

© Delhi Public Library
Hit Counter
free hit counter